MARC

LEADER 00000nas a2200000 i 4500
001 ssj0000563348
003 WaSeSS
005 20200512172242.0
006 m d
007 cr n
008 100323c19539999gw qr pss o 0 0eng
010 |a  2015204145 
022 |a 2196-4726  |l 0044-2305  |y 0044-2305 
035 |a (WaSeSS)ssj0000563348 
040 |a OCLCE  |b eng  |e pn  |c OCLCE  |d OCLCQ  |d OCLCF  |d DLC  |d OCLCO  |d DLC  |d OCLCS  |d OCLCQ  |d VT2  |d OCLCO  |d AU@  |d CNTRU  |d WaSeSS 
041 0 |a eng  |a ger 
042 |a dlr  |a pcc 
043 |a e-uk---  |a n-us--- 
050 0 0 |a PR1 
050 1 4 |a PR1  |b .Z4 
082 0 4 |a 820/.9 
210 0 |a Z. Angl. Am.  |b (Internet) 
222 0 |a Zeitschrift für Anglistik und Amerikanistik  |b (Internet) 
245 0 0 |a Zeitschrift für Anglistik und Amerikanistik  |h [electronic resource]. 
246 1 |a ZAA 
260 |a Berlin :  |b De Gruyter Mouton 
310 |a Quarterly 
362 1 |a Print began with 1. Jahrgang in 1953. 
500 |a "A quarterly of language, literature and culture." 
500 |a Print version published: Leipzig : VEB Verlag Enzyklopädie, 1953- ; Würzburg : Königshausen & Neumann, -2013; Berlin : De Gruyter, 2014- 
506 |a License restrictions may limit access. 
538 |a Master and use copy. Digital master created according to Benchmark for Faithful Digital Reproductions of Monographs and Serials, Version 1. Digital Library Federation, December 2002.  |u http://purl.oclc.org/DLF/benchrepro0212  |5 MiAaHDL 
546 |a Text in English and German, -2007; in English, 2008-<2015> 
583 1 |a digitized  |c 2010  |h HathiTrust Digital Library  |l committed to preserve  |2 pda  |5 MiAaHDL 
588 |a Description based on: 52.1 (2004); title from PDF volume title page (De Gruyter Online, viewed September 2004). 
588 |a Latest issue consulted: Volume 63, issue 2 (2015) (De Gruyter Online, viewed September 2004). 
650 0 |a English literature  |x History and criticism  |v Periodicals. 
650 0 |a American literature  |x History and criticism  |v Periodicals. 
650 0 |a English language  |v Periodicals. 
650 0 |a Books  |v Reviews  |v Periodicals. 
650 6 |a Littérature anglaise  |x Histoire et critique  |v Périodiques. 
650 6 |a Anglais (Langue)  |v Périodiques. 
650 6 |a Livres  |v Recensions  |v Périodiques. 
650 6 |a Littérature américaine  |x Histoire et critique  |v Périodiques. 
650 7 |a American literature.  |2 fast  |0 (OCoLC)fst00807113 
650 7 |a Books.  |2 fast  |0 (OCoLC)fst00836401 
650 7 |a English language.  |2 fast  |0 (OCoLC)fst00910920 
650 7 |a English literature.  |2 fast  |0 (OCoLC)fst00911989 
650 1 7 |a Anglistiek.  |2 gtt 
650 1 7 |a Amerikanistiek.  |2 gtt 
655 0 |a Electronic journals. 
776 0 8 |i Print version:  |t Zeitschrift für Anglistik und Amerikanistik  |x 0044-2305  |w (DLC) 56030739  |w (OCoLC)1641977 
850 |a DLC 
856 4 0 |z Full text available from Research Library: 01/01/2015 to 07/31/2019  |u https://search.proquest.com/publication/2034445